le jeu du gagnant - Statistiques

Statistiques générales
  • Ce quiz a été pris 8 fois
    6 depuis la dernière actualisation
  • Le résultat moyen est 8 sur 8
Statistiques - réponses
pourcentage gagner % Correct
30% a
100%
70% a
100%
100% é
100%
60% g
100%
80% g
100%
40% i
100%
10% j
100%
90% n
100%
Aucun quiz correspondant
Distribution des résultats
% des personnes avec chaque résultat
Percentile par nombre de réponses
Votre historique - résultats
Vous n’avez pas pris ce quiz depuis la dernière actualisation